Stratégia proexportnej politiky USA diplomová práca

Gespeichert in:
Bibliographische Detailangaben
1. Verfasser: Kurová, Zuzana
Körperschaft: Obchodná fakulta EU. Katedra medzinárodného obchodu
Weitere Verfasser: Rosenberg, Miloslav
Format: Buch
Sprache:Slowakisch
Veröffentlicht: Bratislava 2009
Tags: Tag hinzufügen
Keine Tags, Fügen Sie das erste Tag hinzu!

MARC

LEADER 00000nam$a2200000$$$4500
001 0100807
005 20240318133853.7
041 0 |a slo 
044 |a SK 
245 1 0 |a Stratégia proexportnej politiky USA  |b diplomová práca  |c Zuzana Kurová ; Miloslav Rosenberg 
264 1 |a Bratislava  |c 2009 
300 |a 92 s. 
100 1 |a Kurová, Zuzana 
700 1 |a Rosenberg, Miloslav 
710 2 |a Obchodná fakulta EU. Katedra medzinárodného obchodu